000 00648nam a2200217 a 4500
005 20140310183614.0
008 120903s19uu xx 00 eng d
020 _a9781426018572
050 _aHD 69.T54
_b.H424 2009
100 _aHaynes, Elvin
245 _aTime management :
_bget an extra day a week /
_cElvin Haynes.
250 _a4th ed.
260 _a[Rochester, N.Y.] :
_bAxzo Press,
_c2009.
300 _a96 p. :
_bill. ;
_c25 cm.
440 _aCrisp Fifty-Minute Series Book
500 _aCrisp Fifty-Minute Series: Know how. Right now.
521 _aBSBA
650 _aTime management
942 _cBK
_2lcc
_kFOR
999 _c25292
_d25292